Poesie scelte / (Record no. 54335)

MARC details
000 -LEADER
campo de control de longitud fija 00547nam a22001935i 4500
001 - NÚMERO DE CONTROL
campo de control 54335
003 - IDENTIFICADOR DE NÚMERO DE CONTROL
campo de control ES-MaACL
005 - FECHA Y HORA DE LA ÚLTIMA TRANSACCIÓN
campo de control 20251011063107.0
007 - CAMPO FIJO DE DESCRIPCIÓN FÍSICA--INFORMACIÓN GENERAL
campo de control de longitud fija t|
008 - DATOS DE LONGITUD FIJA--INFORMACIÓN GENERAL
campo de control de longitud fija 960718s1898 it ||||1| ita d
040 ## - FUENTE DE CATALOGACIÓN
Centro catalogador/agencia de origen CAM
Lengua de catalogación spa
Centro/agencia transcriptor CAM
100 1# - ENTRADA PRINCIPAL--NOMBRE DE PERSONA
Nombre de persona Fogazzaro, Antonio,
Fechas asociadas al nombre 1842-1911
9 (RLIN) 51409
245 10 - MENCIÓN DEL TÍTULO
Título Poesie scelte /
Mención de responsabilidad, etc. Antonio Fogazzaro.
250 ## - MENCION DE EDICION
Mención de edición 2ª ed.
260 ## - PUBLICACIÓN, DISTRIBUCIÓN, ETC.
Lugar de publicación, distribución, etc. Milano :
Nombre del editor, distribuidor, etc. Casa editrice Galli,
Fecha de publicación, distribución, etc. 1898 (
Fabricante Tipografia degli Esercenti)
300 ## - DESCRIPCIÓN FÍSICA
Extensión 220 p. ;
Dimensiones 17 cm.
852 ## - LOCALIZACIÓN
Ubicación ES-MaACL
Número de control de estantería F-9127
Holdings
Estatus retirado Estado de pérdida Estado de daño No para préstamo Colección Biblioteca de origen Biblioteca actual Ubicación en estantería Fecha de adquisición Fuente de adquisición Total de préstamos Signatura topográfica completa Código de barras Visto por última vez Precio de reemplazo Tipo de ítem Koha
        Libros del s. XIX Biblioteca del Ateneo de Madrid Biblioteca del Ateneo de Madrid Sala Pecera Planta 2 17/01/2008     F-9127 1057098 23/02/2023 23/02/2023 Libro impreso antiguo